MARC

LEADER 00000nam0a2200000 4500
001 279394
005 20231101235215.0
020 |a RU  |b 85-28252 
035 |a (RuTPU)RU\TPU\book\302672 
090 |a 279394 
100 |a 20141218d1985 k y0rusy5003 ca 
101 0 |a rus 
102 |a RU 
105 |a a z 001zy 
200 1 |a Микронеоднородность тантало-ниобатов: по данным микроминералогических исследований  |f С. И. Лебедева, И. Д. Беляева, Л. С. Дубакина  |g Академия наук СССР (АН СССР), Институт минералогии, геохимии и кристаллохимии редких элементов (ИМГРЭ) ; отв. ред. В. Г. Фекличев 
210 |a Москва  |c Наука  |d 1985 
215 |a 109 с.  |c ил.  |d 26 см 
320 |a Библиогр.: с. 102-104 
606 1 |a Тантало-ниобаты  |x Минералогия  |2 stltpush  |3 (RuTPU)RU\TPU\subj\80745  |9 88346 
610 1 |a тантало-ниобаты 
610 1 |a микроминералогия 
610 1 |a изучение 
610 1 |a исследования 
610 1 |a микронеоднородности 
675 |a 549.75  |z rus  |v 4 
700 1 |a Лебедева  |b С. И.  |g Серафима Ивановна  |4 070 
701 1 |a Беляева  |b И. Д.  |g Ирина Дмитриевна 
701 1 |a Дубакина  |b Л. С.  |g Лидия Сергеевна 
702 1 |a Фекличев  |b В. Г.  |4 340 
712 0 2 |a Академия наук СССР (АН СССР)  |b Институт минералогии, геохимии и кристаллохимии редких элементов (ИМГРЭ)  |c (Москва)  |2 stltpush  |3 (RuTPU)RU\TPU\col\10887 
801 0 |a RU  |b RuMRKP  |c 19950704  |g psbo 
801 1 |a RU  |b 63413507  |c 20141218 
801 2 |a RU  |b 63413507  |c 20220808  |g RCR 
942 |c BK